Statistiques concernant Équipe type ligue des champions 2022-2023

Cliquez ici pour prendre le quiz!

Statistiques générales

  • Ce quiz a été pris 67 fois
  • Le résultat moyen est 8 sur 11

Statistiques - réponses

PosteJoueur% Correct
BUErling Haaland
94%
MOCKevin De Bruyne
89%
GThibault Courtois
86%
DDKyle Walker
80%
DCDRuben Dias
80%
ADBernardo Silva
72%
MCRodri
65%
AGVinicius JR
63%
MCJohn Stones
60%
DCGAlessandro Bastoni
35%
DGFederico Dimarco
31%

Distribution des résultats

Percentile par nombre de réponses

% des personnes avec chaque résultat

Votre développement - résultats

Vous n’avez pas pris ce quiz